000 00837nam a22002651 4500
001 36188
003 BD-RjUL
005 20211209052440.0
008 140617s1965 nyu b 000 0 eng d
035 _a(BD-RjUL)36285
035 _a(OCoLC)236310
040 _aDLC
_cODaWU
_dOCoLC
_dNBrockU
_dDLC
_dBD-RjUL
_beng
041 _aeng
082 0 0 _a328.368
_bBRF 1965
100 1 _aBraunthal, Gerard,
_d1923-
_9110123
245 1 4 _aThe Federation of German Industry in politics /
_cGerard Braunthal
260 _aIthaca, N.Y. :
_bCornell University Press ,
_c1965.
300 _axx, 389 p. ;
_c24 cm.
504 _aBibliography: p. 365-380.
610 2 0 _aBundesverband der Deutschen Industrie.
_9110166
651 0 _aGermany (West)
_xPolitics and government.
_96529
942 _2ddc
_cBK
999 _c36188
_d36188